000 00601nam a2200229 a 4500
008
020 _a0582357993 (pbk.)
049 _aMAIN
090 _aTH7703
_bPRI
100 1 _aPritchard, D.C.
245 1 0 _aLighting /
_cD.C. Pritchard.
260 _aEngland :
_bPearson Education Limited,
_c1999.
300 _a6th ed.
300 _a265 p. :
_bill. ;
_c23 cm.
500 _aIncludes index.
650 1 _aLighting.
907 _a.b10310010
_b13-03-12
_c02-03-12
003
005 20230123125416.0
040 _cNUST
942 _cBOOKS
_kTH7703
_mPRI
999 _c140999
_d140999